Mizanul Haqq (Record no. 436)

MARC details
000 -LEADER
fixed length control field 00542nam a2200229 a 4500
020 ## - INTERNATIONAL STANDARD BOOK NUMBER
ISBN
082 00 - DEWEY DECIMAL CLASSIFICATION NUMBER
Classification number 239
Author Cutter PFA1
100 ## - MAIN ENTRY--AUTHOR NAME
Author name Pfander, C G
245 ## - TITLE STATEMENT
Title Mizanul Haqq
Sub title Balance of Truth
260 ## - PUBLICATION, DISTRIBUTION, ETC. (IMPRINT)
Place of publication London
Name of publisher Church Missionary Society
Year of publication 1910
300 ## - PHYSICAL DESCRIPTION
Number of Pages 304p
500 ## - GENERAL NOTE
General note includes index and biblioraphy
505 2# - FORMATTED CONTENTS NOTE
Formatted contents note Index
650 ## - SUBJECT ADDED ENTRY--TOPICAL TERM
Topical Term Apologetics
942 ## - ADDED ENTRY ELEMENTS (KOHA)
Koha item type Books
Holdings
Home library Current library Date acquired Cost, normal purchase price Full call number Accession Number Koha item type
Henry Martyn Institute Library Henry Martyn Institute Library 04/22/2016 100.00 239 PFA1 1322 E-Books
Henry Martyn Institute Library Henry Martyn Institute Library 04/22/2016 100.00 239 PFA1 2039 Archive Book
Henry Martyn Institute Library Henry Martyn Institute Library 04/22/2016 100.00 239 PFA1 6724 Archive Book
                   Copyright © 2026 | Henry Martyn Institute | Hyderabad | TS-500052 | INDIA | Implemented by hmi.edu.in
Hit-Count:

Powered by Koha